| 000 | 00724cam a22002054a 4500 | ||
|---|---|---|---|
| 020 | _a0896297470 (alk. paper) | ||
| 040 | _cDLC | ||
| 082 | 0 | 0 | _a338 JOA 2005 C063 Or. |
| 245 | 0 | 0 |
_aFood policy for the poor : _bexpanding the research frontiers : highlights from 30 years of IFPRI research / |
| 260 |
_aWashington, DC : _bInternational Food Policy Research Institute, _cc2005. |
||
| 300 |
_axi, 253 p. : _bill. ; _c23 cm. + _e1 CD-ROM (4 3/4 in.) |
||
| 650 | 0 | _aFood supply | |
| 650 | 0 | _aNutrition policy | |
| 650 | 0 | _aAgriculture and state | |
| 650 | 0 | _aAgriculture | |
| 700 | 1 | _aVon Braun, Joachim, | |
| 700 | 1 | _aPandya-Lorch, Rajul. | |
| 856 | 4 | 1 | _uhttp://www.loc.gov/catdir/toc/ecip061/2005028340.html |
| 942 | _cREC | ||
| 999 |
_c22163 _d22163 |
||